| 000 | 00733nam a22002537a 4500 | ||
|---|---|---|---|
| 001 | 62065 | ||
| 003 | UA-OsUOA | ||
| 005 | 20201127153249.0 | ||
| 007 | ta | ||
| 008 | 20090811b un ||||| |||| 00| 0 ukr d | ||
| 020 | _a978-966-504-893-3 | ||
| 040 |
_aUA-OsUOA _bukr _cUA-OsUOA _dUA-OsUOA |
||
| 041 | _aukr | ||
| 080 | _a82.09 | ||
| 090 |
_a82.09 _bТ56 |
||
| 100 | _aТоменко М. | ||
| 245 | _aУкраїнський романтик Микола Гоголь | ||
| 260 |
_aК. _bГенеза _c2009 |
||
| 300 | _a120 с. | ||
| 650 | 7 |
_a82 Література. Літературознавство _2UDC |
|
| 942 |
_cBK _2udc |
||
| 955 | _a4 | ||
| 999 |
_c348068 _d348068 |
||